| 000 | 00610cam a22002171 4500 | ||
|---|---|---|---|
| 001 | 10192301 | ||
| 005 | 20180312055508.0 | ||
| 008 | 720217s1941 nyu b 000 0 eng | ||
| 010 | _a 41017652 | ||
| 035 | _a(OCoLC)244261 | ||
| 040 |
_aDLC _cOYU _dOCoLC _dDLC |
||
| 041 | _aeng | ||
| 080 | _a821.0822 ALD | ||
| 082 | _a821.0822 ALD | ||
| 100 | _a21 | ||
| 101 | _aGJL | ||
| 245 | 1 | 4 |
_aThe Viking book of poetry of the English-speaking world, _cchosen and edited by Richard Aldington. |
| 504 | _aBibliography: p. 1207-1225. | ||
| 906 |
_a7 _bcbc _coclcrpl _du _encip _f19 _gy-gencatlg |
||
| 942 |
_2ddc _cBK |
||
| 999 |
_c44700 _d44700 |
||